| 000 | 01406nam a2200361 a 4500 | ||
|---|---|---|---|
| 001 | ebr10161337 | ||
| 003 | CaPaEBR | ||
| 006 | m u | ||
| 007 | cr cn||||||||| | ||
| 008 | 080903s2003 enka sb 001 0 eng d | ||
| 020 | _z9780335213191 | ||
| 020 | _z9780335224067 | ||
| 020 | _z0335213197 (pbk.) | ||
| 020 | _z0335213200 (hardback) | ||
| 040 |
_aCaPaEBR _cCaPaEBR |
||
| 035 | _a(OCoLC)277199476 | ||
| 050 | 1 | 4 |
_aHQ1061 _b.A73 2003eb |
| 100 | 1 |
_aArber, Sara, _d1949- |
|
| 245 | 1 | 0 |
_aGender and ageing _h[electronic resource] : _bchanging roles and relationships / _cedited by Sara Arber, Kate Davidson and Jay Ginn. |
| 260 |
_aMaidenhead, England ; _aPhiladelphia : _bOpen University Press, _c2003. |
||
| 300 |
_axii, 213 p. : _bill. |
||
| 504 | _aIncludes bibliographical references and index. | ||
| 533 |
_aElectronic reproduction. _bPalo Alto, Calif. : _cebrary, _d2008. _nAvailable via World Wide Web. _nAccess may be limited to ebrary affiliated libraries. |
||
| 650 | 0 |
_aOlder people _xAttitudes. |
|
| 650 | 0 | _aGender identity. | |
| 650 | 0 |
_aMiddle-aged persons _xAttitudes. |
|
| 650 | 0 | _aMan-woman relationships. | |
| 655 | 7 |
_aElectronic books. _2local |
|
| 700 | 1 | _aDavidson, Kate. | |
| 700 | 1 | _aGinn, Jay. | |
| 710 | 2 | _aebrary, Inc. | |
| 856 | 4 | 0 |
_uhttp://site.ebrary.com/lib/rucke/Doc?id=10161337 _zAn electronic book accessible through the World Wide Web; click to view |
| 999 |
_c132597 _d132597 |
||